100 chanteuses - Statistiques

Statistiques générales
  • Ce quiz a été pris 994 fois
  • Le résultat moyen est 24 sur 100
Statistiques - réponses
Réponse % Correct
Beyoncé
77%
Rihanna
72%
Céline Dion
64%
Ariana Grande
63%
Taylor Swift
62%
Lady Gaga
59%
Adele
55%
Angèle
53%
Shakira
52%
Madonna
51%
Katy Perry
48%
Zaz
48%
Aya Nakamura
47%
Dua Lipa
46%
Amel Bent
45%
Britney Spears
45%
Jenifer
45%
Louane
45%
Selena Gomez
45%
Zazie
44%
Édith Piaf
42%
Vitaa
42%
Billie Eilish
39%
Nicki Minaj
38%
P!nk
38%
Jennifer Lopez
37%
Lara Fabian
36%
Miley Cyrus
36%
Cardi B
34%
Mariah Carey
34%
Mylène Farmer
34%
Diam's
33%
France Gall
32%
Sia
32%
Alicia Keys
30%
Clara Luciani
30%
Christina Aguilera
29%
Indila
29%
Olivia Rodrigo
29%
Camila Cabello
27%
Doja Cat
27%
Lana Del Rey
27%
Lorie
26%
Vanessa Paradis
25%
Amy Winehouse
24%
Demi Lovato
24%
Shy'm
24%
Nolwenn Leroy
21%
Ava Max
20%
Zaho
19%
Éva
18%
Hoshi
18%
Jessie J
17%
Wejdene
17%
Avril Lavigne
16%
Cher
16%
Kesha
16%
Pomme
16%
Zara Larsson
16%
Cœur de Pirate
14%
Lizzo
14%
MARINA
14%
Bebe Rexha
13%
Janet Jackson
13%
Gwen Stefani
12%
Marwa Loud
12%
Charli XCX
11%
Ellie Goulding
11%
Megan Thee Stallion
11%
Meghan Trainor
11%
Rita Ora
11%
Christine & the Queens
10%
Fergie
10%
Halsey
10%
Karol G
9%
Lorde
9%
Marina Kaye
9%
Anitta
8%
Anne-Marie
8%
Becky G
8%
Carly Rae Jepsen
8%
Iggy Azalea
8%
Kylie Minogue
8%
Lily Allen
6%
Ciara
5%
Gloria Gaynor
5%
Melanie Martinez
5%
INNA
4%
Mabel
4%
Normani
4%
Taloula
3%
Jennifer Hudson
2%
Tones and I
2%
Eva Simons
1%
Inna Modja
1%
Lauren Jauregui
1%
Victoria Monét
1%
Fleur East
0%
Kristin Chenoweth
0%
Stella Mwangi
0%
Aucun quiz correspondant
Distribution des résultats
% des personnes avec chaque résultat
Percentile par nombre de réponses
Votre historique - résultats
Vous n’avez pas pris ce quiz